Principios de publicidad. El proceso creativo: agencias, campañas, medios, ideas y dirección de arte.
Saved in:
| Hovedforfatter: | |
|---|---|
| Andre forfattere: | , |
| Format: | Bog |
| Udgivet: |
Barcelona, España:
Gustavo Gili,
2007.
|
| Udgivelse: | 1ª edición. |
| Fag: | |
| Tags: |
Tilføj Tag
Ingen Tags, Vær først til at tagge denne postø!
|
MARC
| LEADER | 00000nam a22000007a 4500 | ||
|---|---|---|---|
| 003 | CL-VaPUC | ||
| 005 | 20250407202448.0 | ||
| 008 | 250314t2007 ||||| |||| 00| 0 eng d | ||
| 999 | |c 447359 |d 447357 | ||
| 020 | |a 978-84-252-2177-4 | ||
| 040 | |c Pontificia Universidad Católica de Valparaíso | ||
| 082 | 7 | |2 22 |a 659.1 BUR 2007 | |
| 100 | 1 | |a Burtenshaw, Ken |e autor |9 896889 | |
| 245 | |a Principios de publicidad. |b El proceso creativo: agencias, campañas, medios, ideas y dirección de arte. | ||
| 250 | |a 1ª edición. | ||
| 260 | |a Barcelona, España: |b Gustavo Gili, |c 2007. | ||
| 300 | |a 176 páginas : |b ilustraciones. | ||
| 500 | |a c.1.- c.2. Instituto Arcos 8-1-2025. | ||
| 583 | |c 20250314 |k GC | ||
| 650 | |a Publicidad |x Principios |9 896890 | ||
| 650 | |a Publicidad |x Proceso creativo |9 896891 | ||
| 700 | |a Mahon, Nik |e autor |9 896892 | ||
| 700 | |a Barfoot, Caroline |e autora |9 896893 | ||
| 942 | |2 ddc |c BK |n 0 | ||
| 952 | |0 0 |1 0 |2 ddc |4 0 |6 659_100000000000000_BUR_2007 |7 0 |8 A |9 601293 |a BIBINC |b BIBINC |d 2025-03-14 |e Instituto Arcos |i 5666192 |o 659.1 BUR 2007 |p 5666192 |r 2025-03-14 |t 1 |w 2025-03-14 |y BK |k IFP | ||
| 952 | |0 0 |1 0 |2 ddc |4 0 |6 659_100000000000000_BUR_2007 |7 0 |8 A |9 601294 |a BIBINC |b BIBINC |d 2025-03-14 |e Instituto Arcos |i 5666193 |o 659.1 BUR 2007 |p 5666193 |r 2025-03-14 |t 2 |w 2025-03-14 |y BK |k IFP | ||